{"text_format":"3","workbook":"xls","n_sheets":1,"sheets":["东科城25#楼室外附属改造工程（绿化工程）"],"not_rendered":{"external_links":1,"defined_names":2},"read":"whole","date_system":"1900","formulas":"cached_only"}

{"sheet":"东科城25#楼室外附属改造工程（绿化工程）","index":0,"n_rows":23,"n_cols":10,"rows_kept":23,"merged":[[0,0,0,9],[22,0,22,9]],"flags":["formulas_cached_only"]}
["东科城25#楼室外附属改造工程（绿化工程）"]
["序号","苗木名称","项目特征","单位","工程量","含税单价\n（元）","含税合价（元）","含税报价单价（元）","含税报价合价（元）","备注"]
[1,"造型罗汉松","造型罗汉松\n1、H230-250cm，P280-300cm；\n2、D5-6cm，枝下高<80枝下高\n3、一级分枝3以上，株型饱满，枝叶茂密，端正\n","株",{"v":1,"d":"1.000"},{"v":3800,"d":"3800.00"},{"v":3800,"d":"3800.00"}]
[2,"造型女贞","造型女贞\n1、H250cm，P150cm；\n2、多层云形,精品苗圃批量苗\n","株",{"v":1,"d":"1.000"},{"v":570,"d":"570.00"},{"v":570,"d":"570.00"}]
[3,"造型五针松","造型五针松\n1、H250-280cm，P280-300cm；\n2、枝下高<40枝下高\n3、自然树形,树形优美,枝盘4层以上,三方选型\n","株",{"v":2,"d":"2.000"},{"v":1520,"d":"1520.00"},{"v":3040,"d":"3040.00"}]
[4,"鸡爪槭","鸡爪槭\n1、D12-14，株高350-400cm，冠（蓬）径350-400cm；\n2、不得选用高接苗,一级分枝6支以上,树形优美,自然全冠,三方选型\n","株",{"v":1,"d":"1.000"},{"v":1140,"d":"1140.00"},{"v":1140,"d":"1140.00"}]
[5,"绯红晚樱","绯红晚樱\n1、D12-14，株高350-400cm，冠（蓬）径350-400cm；\n2、树形开展,一级分枝3-4支,树形端正,自然全冠,精品苗圃批量苗\n","株",{"v":1,"d":"1.000"},{"v":1140,"d":"1140.00"},{"v":1140,"d":"1140.00"}]
[6,"乌桕","乌桕\n1、H500-550cm，P400-450cm；\n2、φ16-18cm，枝下高<200cm\n3、一级分枝4-5以上，自然全冠，树形端正，主干直\n","株",{"v":1,"d":"1.000"},{"v":1092.5,"d":"1092.50"},{"v":1092.5,"d":"1092.50"}]
[7,"桂花","桂花\n1、H350-400cm，P350-400cm；\n2、枝下高<50cm\n3、金银桂，树形端正，三方选型，本地苗\n","株",{"v":1,"d":"1.000"},{"v":1282.5,"d":"1282.50"},{"v":1282.5,"d":"1282.50"}]
[8,"丛生朴树","丛生朴树\n1、H>5000cm，P>400cm；\n2、丛生或分枝点低于40cm,一级分枝5以上,平均单支D>10,自然全冠,三方选型\n","株",{"v":1,"d":"1.000"},{"v":5225,"d":"5225.00"},{"v":5225,"d":"5225.00"}]
[9,"金森女贞球","金森女贞球\n1、规格：株高H100cm，冠（蓬）径P120cm\n2、光球,不脱脚,规格为修剪后标准\n","株",{"v":5,"d":"5.000"},{"v":114,"d":"114.00"},{"v":570,"d":"570.00"}]
[10,"瓜子黄杨球","瓜子黄杨球\n1、规格：株高H80cm，冠（蓬）径P120cm\n2、光球,不脱脚,规格为修剪后标准\n","株",{"v":16,"d":"16.000"},{"v":114,"d":"114.00"},{"v":1824,"d":"1824.00"}]
[11,"无刺构骨球","无刺构骨球\n1、规格：株高H100cm，冠（蓬）径P120cm\n2、光球,不脱脚,规格为修剪后标准\n","株",{"v":4,"d":"4.000"},{"v":123.5,"d":"123.50"},{"v":494,"d":"494.00"}]
[12,"小叶女贞球","小叶女贞球\n1、规格：株高H120cm，冠（蓬）径P150cm\n2、光球,不脱脚,规格为修剪后标准\n","株",{"v":10,"d":"10.000"},{"v":114,"d":"114.00"},{"v":1140,"d":"1140.00"}]
[13,"大叶黄杨球","大叶黄杨球\n1、规格：株高H150cm，冠（蓬）径P180cm\n2、光球,不脱脚,规格为修剪后标准\n","株",{"v":13,"d":"13.000"},{"v":133,"d":"133.00"},{"v":1729,"d":"1729.00"}]
[14,"红花继木球","红花继木球\n1、规格：株高H140cm，冠（蓬）径P180cm\n2、光球,不脱脚,规格为修剪后标准\n","株",{"v":2,"d":"2.000"},{"v":247,"d":"247.00"},{"v":494,"d":"494.00"}]
[15,"红叶石楠球","红叶石楠球\n1、规格：株高H160cm，冠（蓬）径P250cm\n2、光球,不脱脚,规格为修剪后标准\n","株",{"v":3,"d":"3.000"},{"v":380,"d":"380.00"},{"v":1140,"d":"1140.00"}]
[16,"海桐球","海桐球\n1、规格：株高H200cm，冠（蓬）径P300cm\n2、光球,不脱脚,规格为修剪后标准\n","株",{"v":5,"d":"5.000"},{"v":427.5,"d":"427.50"},{"v":2137.5,"d":"2137.50"}]
[17,"毛鹃","栽植绿篱\n1、规格：毛鹃，株高30cm，冠幅20cm，64株/平方,高度为修剪后标准\n","株",{"v":9984,"d":"9984.000"},{"v":0.66796875,"d":"0.67"},{"v":6669,"d":"6669.00"}]
[18,"佛甲草","栽植绿篱\n1、规格：佛甲草\n","m2",{"v":29,"d":"29.000"},42.75,1239.75]
[19,"草坪","栽植草坪\n1、满铺，无裸土；\n2、矮生百慕大+黑麦草混播草皮卷\n","m2",{"v":330,"d":"330.000"},{"v":10,"d":"10.00"},{"v":3300,"d":"3300.00"}]
[20,"合计",null,null,0,0,38027.25]
["\n备注：1、单价及总价不得超过上述价格。\n           2、苗木的采购、供应、运输（运至甲方指定地点并承担运输费用、现场卸货费）等服务工作而涵盖的所有费用。\n           2、每棵苗木到现场后都需由甲方确认合格后方可卸货，乙方自行卸货的均为不合格苗木。\n           3、在签订合同之前需缴纳履约保证金（履约保证金的金额为合同金额的10%），在签订合同之后供货过程中如发现乙方存在苗木合格率不达标、供货拖延、不及时的情况，甲方将会要求乙方在2日内采取措施，确保苗木到货；如3日内仍然达不到供货要求，或到场质量不合格，甲方有权对乙方进行相应处罚，并要求乙方赔偿相应的现场施工人员、机械误工费，并甲方有权终止合同，已供苗木按单价的60%结算，其它费用一律不计。若乙方不能在规定时间内采购到符合要求的苗木时，造成苗木不能按期栽植，并影响到工程进度时，乙方将按合同价的10%向甲方承担违约金并履约保障金不给予退还。\n           4、苗木数量以甲方实际使用量（且通过验收合格的量）甲方实际清点量为准；草坪数量按甲方现场实际测量为准。\n           5、所有苗木必须按照工程量清单特征及甲方最终确认的进行采购，如达不到规定的要求，或采购的苗木不是甲方确认的苗木，甲方有权拒绝接收，要求乙方重新采购，同时乙方承担该苗木价格50%的违约金。 \n      "]